|
|
|
|
| LEADER |
00000nas a2200000 i 4500 |
| 001 |
ssj0001734838 |
| 003 |
WaSeSS |
| 005 |
20200512172242.0 |
| 006 |
m d |
| 007 |
cr n |
| 008 |
161013c20169999ko qr s 0 0eng |
| 010 |
|
|
|a 2016211951
|
| 022 |
|
|
|l 2508-1640
|y 2508-1640
|
| 035 |
|
|
|a (WaSeSS)ssj0001734838
|
| 040 |
|
|
|a DLC
|b eng
|c DLC
|d OCLCO
|d CUS
|d OCLCF
|d IXA
|d WaSeSS
|
| 042 |
|
|
|a pcc
|
| 043 |
|
|
|a ae-----
|
| 050 |
0 |
0 |
|a HC460.5.A1
|b J675
|
| 210 |
0 |
|
|a East Asian econ. rev.
|b (Sejong)
|
| 222 |
|
0 |
|a East Asian economic review
|b (Sejong)
|
| 245 |
0 |
0 |
|a East Asian economic review
|h [electronic resource].
|
| 260 |
|
|
|a Sejong-si, Korea :
|b Korea Institute for International Economic Policy
|
| 310 |
|
|
|a Quarterly
|
| 362 |
1 |
|
|a Began with vol. 20, no.2 (June 2016).
|
| 506 |
|
|
|a License restrictions may limit access.
|
| 588 |
|
|
|a Description based on: Vol. 20, no.2 (June 2016); title from title page.
|
| 588 |
|
|
|a Latest issue consulted: Volume 21, number 4 (December 2017).
|
| 650 |
|
0 |
|a Industrial promotion
|z East Asia
|v Periodicals.
|
| 650 |
|
7 |
|a Economic history.
|2 fast
|0 (OCoLC)fst00901974
|
| 650 |
|
7 |
|a Industrial promotion.
|2 fast
|0 (OCoLC)fst00971549
|
| 651 |
|
0 |
|a East Asia
|x Economic conditions
|v Periodicals.
|
| 651 |
|
7 |
|a East Asia.
|2 fast
|0 (OCoLC)fst01243628
|
| 655 |
|
0 |
|a Electronic journals.
|
| 710 |
2 |
|
|a Taeoe Kyŏngje Chŏngch'aek Yŏn'guwŏn (Korea)
|
| 780 |
0 |
0 |
|t Journal of East Asian economic integration
|x 2234-8867
|w (DLC) 2012212026
|w (OCoLC)806235108
|
| 850 |
|
|
|a DLC
|
| 856 |
4 |
0 |
|z Full text available from Research Library: 06/01/2016 to present
|u https://search.proquest.com/publication/2029670
|